English County Flags - Statistics

General Stats
  • This quiz has been taken 69 times
  • The average score is 19 of 38
Answer Stats
Picture Answer % Correct
Cornwall
84%
City of London
68%
Devon
66%
East Riding of Yorkshire
66%
Lancashire
66%
Nottinghamshire
66%
Essex
64%
Kent
63%
Isle of Wight
55%
Buckinghamshire
54%
Leicestershire
54%
Lincolnshire
52%
Norfolk
52%
Northumberland
52%
Dorset
50%
North Yorkshire
50%
Oxfordshire
50%
West Yorkshire
50%
Rutland
48%
Berkshire
46%
Hampshire
46%
Somerset
46%
Bedfordshire
45%
Durham
45%
Hertfordshire
45%
Herefordshire
43%
Warwickshire
43%
Worcestershire
43%
Gloucestershire
41%
Northamptonshire
41%
Shropshire
41%
Suffolk
41%
Cheshire
39%
Derbyshire
39%
Surrey
39%
Wiltshire
39%
Cambridgeshire
38%
Staffordshire
38%
No matching quizzes found
Score Distribution
Percent of People with Each Score
Percentile by Number Answered
Your Score History
You have not taken this quiz